Сибирское экономическое обозрение. Вып. 26: Январь - июнь 2011 г. (Запись № 2797783)

Подробности
000 -МАРКЕР
контрольное поле 01707nam2a2200265 4500
001 - ИДЕНТИФИКАТОР ЗАПИСИ
контрольное поле RU\NLR\bibl\1891866
005 - ИДЕНТИФИКАТОР ВЕРСИИ
контрольное поле 20260406143834.0
021 ## - НОМЕР ГОСУДАРСТВЕННОЙ РЕГИСТРАЦИИ
Код страны Российская Федерация
Номер 2012-14143п
Номер Листа государственной регистраци 680п
035 ## - ДРУГИЕ СИСТЕМНЫЕ НОМЕРА
Идентификатор записи (NLR Aleph) 001881551
100 ## - ДАННЫЕ ОБЩЕЙ ОБРАБОТКИ
Данные общей обработки 20120412d2011 |||y0rusy50 ca
101 0# - ЯЗЫК РЕСУРСА
Язык текста, звукозаписи и т.д. русский
102 ## - СТРАНА ПУБЛИКАЦИИ ИЛИ ПРОИЗВОДСТВА
Страна публикации Российская Федерация
105 ## - ПОЛЕ КОДИРОВАННЫХ ДАННЫХ: ТЕКСТОВЫЕ МАТЕРИАЛЫ, МОНОГРАФИЧЕСКИЕ
Кодированные данные о монографическом текстовом документе a |||||||||
200 1# - ЗАГЛАВИЕ И СВЕДЕНИЯ ОБ ОТВЕТСТВЕННОСТИ
Основное заглавие Январь - июнь 2011 г.
Первые сведения об ответственности Межрегион. ассоц. "Сиб. соглашение", Ин-т экономики и орг. пром. пр-ва СО РАН, Фак. бизнеса Новосиб. гос. техн. ун-та
210 ## - ПУБЛИКАЦИЯ, РАСПРОСТРАНЕНИЕ И ДР.
Дата издания, распространения и т.д. 2011
Место издания, распространения и т.д. Б. м.
215 ## - ФИЗИЧЕСКАЯ ХАРАКТЕРИСТИКА
Специфическое обозначение материала и объем 71, [1] с.
Другие сведения о физической характеристике ил., цв. ил.
461 #0 - УРОВЕНЬ НАБОРА
Встроенное поле 001RU\NLR\bibl\834612
-- 2001#$aСибирское экономическое обозрение$vВып. 26
Системный номер (АБИС) связанной записи 1315805
Место публикации Новосибирск
Дата публикации 2005
Первые сведения об ответственности Ин-т экономики и орг. пром. пр-ва СО РАН, Межрегион. ассоц. "Сиб. соглашение", Сиб. аналит. и инжиниринговый центр "Регион-развитие"
Имя издателя, распространителя и т.д. ИЭОПП СО РАН
Сведения, относящиеся к заглавию информационно-аналитический выпуск : (тенденции экономического и социального развития, финансового состояния, региональные рейтинги)
Заглавие Сибирское экономическое обозрение
Номер тома Вып. 26
712 02 - НАИМЕНОВАНИЕ ОРГАНИЗАЦИИ - ВТОРИЧНАЯ ОТВЕТСТВЕННОСТЬ
Код отношения Прочие
Начальный элемент ввода "Сибирское соглашение", межрегиональная ассоциация
Идентификатор авторитетной/нормативной записи RU\NLR\AUTH\889923074
Системный номер авторитетной/нормативной записи 342089
801 #0 - ИСТОЧНИК ЗАПИСИ
Страна Российская Федерация
Организация NLR
Дата составления 20120412
Правила каталогизации RCR
801 #1 - ИСТОЧНИК ЗАПИСИ
Страна Российская Федерация
Организация NLR
Дата составления 20120412
942 ## - ДОПОЛНИТЕЛЬНЫЕ ЭЛЕМЕНТЫ ЗАПИСИ (АБИС)
Тип экземпляра АБИС Книга
980 ## - КОЛЛЕКЦИЯ
Название коллекции Национальная библиография
Экземпляры
Тип экземпляра Дата поступления Источник поступления Библиотека постоянного хранения Библиотека текущего хранения Место хранения Шифр хранения Штрих-код Статус экземпляра
Книга 12.04.2012 Обязательный экземпляр РНБ (Московский) РНБ (Московский) Русский книжный фонд: издания с 1957 года 2004-8/2130 3635322  
Книга 12.04.2012 Обязательный экземпляр РНБ (Московский) РНБ (Московский) Русский книжный фонд: издания с 1957 года 2004-8/2130 3635323